000 00555nam a22002297a 4500
003 UA-OsUOA
001 51874
007 ta
008 20080123b un ||||| |||| 00| 0 ukr d
100 _aСаймак К.
090 _a821.111
_bС14
942 _cBK
040 _aUA-OsUOA
_brus
_cUA-OsUOA
_dUA-OsUOA
245 _aГород
300 _a477 с.
955 _a3
041 _arus
080 _a821.111
260 _aМ.
_bПравда
_c1989
650 7 _a82 Література. Літературознавство
_2UDC
999 _c337949
_d337949